000 00510nam a2200181 u 4500
001 000477520
003 AM-YeHGA
005 20250617134027.0
008 060301s2004 xx r 000 0 eng d
040 _aAM-YeHGA
041 0 _aeng
245 0 0 _aAbout America :
_bThe Constitution of the United States of America with Explanatory Notes.
260 _aS. l. :
_bWorld Book,
_c2004.
300 _a88 p.
650 1 4 _aConstitution
_xUnited States
651 4 _aUnited States
_xConstitution
090 _c176563
999 _c175121
_d175121